Paroles Il suffira d'un signe - Jean Jacques Goldman - Statistiques

Statistiques générales
  • Ce quiz a été pris 1 234 fois
  • Le résultat moyen est 173 sur 233
Statistiques - réponses
Réponse % Correct
un
100%
du
99%
d'un
99%
Il
99%
il
99%
ma
99%
signe
99%
suffira
99%
matin
98%
et
96%
tout
96%
tranquille
96%
la
95%
ce
94%
de
91%
à
90%
c'est
90%
dans
90%
en
90%
que
90%
serein
89%
le
88%
nos
87%
latin
85%
certain
84%
livres
84%
écrit
83%
tu
83%
vie
80%
qui
79%
les
78%
mes
78%
mains
75%
quelque
74%
chose
73%
face
72%
brille
71%
mais
70%
vois
70%
au
69%
fasse
69%
regarde
69%
d'infime
68%
bien
67%
j'y
66%
guenilles
64%
moi
62%
nous
61%
vauriens
61%
veux-tu
61%
changera
60%
des
60%
place
60%
sois
60%
ça
59%
chevilles
59%
loin
59%
ton
59%
moment
58%
plus
58%
viendra
58%
dis
56%
notre
56%
j'aurai
55%
bout
53%
j'aurai
53%
ris
53%
impasse
52%
avis
51%
verras
48%
fers
47%
n'avons
45%
déchirées
41%
filles
40%
oh
40%
oui
39%
yeux
39%
brillent
37%
auront
33%
satin
29%
vanille
28%
miel
27%
vin
27%
villes
24%
festins
23%
mutile
23%
fatigue
22%
jardins
22%
l'acier
21%
changerons
20%
chemins
19%
faim
19%
inutiles
19%
ferons
18%
lointain
17%
blessures
16%
grilles
11%
Aucun quiz correspondant
Distribution des résultats
% des personnes avec chaque résultat
Percentile par nombre de réponses
Votre historique - résultats
Vous n’avez pas pris ce quiz